000 00278nam a2200109Ia 4500
008 200302s9999 xx 000 0 und d
100 _aJane Burry + Mark Burry
245 _aThe New Mathematics of Architecture
260 _bThames and Hudson Ltd.
260 _c2012
300 _a269
999 _c3567
_d3567